000 00593cam a22002291 4500
001 sa 65004104
003 DLC
005 20260227112128.0
008 890516s1964 ii c b 000 0 kano
010 _asa 65004104
035 _a(OCoLC)19717218
040 _aDLC
_cWaU
_dDLC
042 _apremarc
050 0 0 _aPL4650.5
_b.J3
100 2 _aJavare Gowda, Deve Gowda,
_d1918-
245 1 0 _aSāhitigal̥a saṅgadalli.
260 _c[1964]
300 _aiv, 205, ii p.
_bports.
_c19 cm.
500 _aIn Kannada.
504 _aBibliographical footnotes.
650 0 _aKannada literature.
999 _c63532
_d63532